Lady and the Tramp : (Record no. 7899)

MARC details
000 -LEADER
fixed length control field 01003nam a22002777a 4500
001 - CONTROL NUMBER
control field 7899
003 - CONTROL NUMBER IDENTIFIER
control field FISKH
005 - DATE AND TIME OF LATEST TRANSACTION
control field 20250813104013.0
008 - FIXED-LENGTH DATA ELEMENTS--GENERAL INFORMATION
fixed length control field 250813b cb ||||| |||| 00| 0 eng d
020 ## - INTERNATIONAL STANDARD BOOK NUMBER
International Standard Book Number 033500711008
040 ## - CATALOGING SOURCE
Original cataloging agency FISKH
Language of cataloging eng
Transcribing agency FISKH
Modifying agency FISKH
050 ## - LIBRARY OF CONGRESS CALL NUMBER
Classification number PZ7.S6294 W
082 ## - DEWEY DECIMAL CLASSIFICATION NUMBER
Classification number 813.54
100 ## - MAIN ENTRY--PERSONAL NAME
Personal name Slater, Teddy
245 ## - TITLE STATEMENT
Title Lady and the Tramp :
Remainder of title Walt Disney's /
Statement of responsibility, etc. Adapted by Teddy Slater ; Illustrated by Bill Langley and Ron Dias
300 ## - PHYSICAL DESCRIPTION
Extent 24 unnumbered pages :
Other physical details color illustrations ;
Dimensions 20 cm
505 ## - FORMATTED CONTENTS NOTE
Formatted contents note M<br/>
520 ## - SUMMARY, ETC.
Summary, etc. When mean Aunt Sarah takes over a cocker spaniel's once-happy home, the dog flees and experiences some dangerous moments before her hero Tramp arrives on the scene.<br/>
521 8# - TARGET AUDIENCE NOTE
Target audience note 530<br/>
Source Lexile Adjusted<br/>
521 8# - TARGET AUDIENCE NOTE
Target audience note M<br/>
Source Raz-Plus<br/>
650 ## - SUBJECT ADDED ENTRY--TOPICAL TERM
Topical term or geographic name entry element Little Golden Book
Form subdivision Children's Literature
General subdivision Children's Fiction
700 ## - ADDED ENTRY--PERSONAL NAME
Personal name Langley, Bill
Relator term illustrator
700 ## - ADDED ENTRY--PERSONAL NAME
Personal name Dias, Ron
Relator term illustrator
942 ## - ADDED ENTRY ELEMENTS (KOHA)
Source of classification or shelving scheme Dewey Decimal Classification
Koha item type Books
Suppress in OPAC No
Holdings
Withdrawn status Lost status Source of classification or shelving scheme Damaged status Not for loan Collection Home library Current library Shelving location Date acquired Total Checkouts Full call number Barcode Date last seen Copy number Price effective from Koha item type
    Dewey Decimal Classification     Juvenile Fiction Footprints International School Library Network Toul Kork Campus Footprints International School Library Network Toul Kork Campus TK Primary Library Room(4th Floor), Bookcase 3&4, Shelves 17-32, Yellow Books 08/13/2025   SLA 813.54 PZ7.S6294 W FISBK00174 08/13/2025 1 08/13/2025 Books